[Event "13th EICC"]
[Site "Plovdiv BUL"]
[Date "2012.03.24"]
[Round "5.90"]
[White "Ledger, Andrew J"]
[Black "Chatalbashev, Boris"]
[Result "1/2-1/2"]
[WhiteTitle "IM"]
[BlackTitle "GM"]
[WhiteElo "2424"]
[BlackElo "2570"]
[WhiteFideId "400610"]
[BlackFideId "2900440"]
[EventDate "2012.03.20"]
[EventType "swiss"]

1. c4 g6 2. g3 Bg7 3. Bg2 c5 4. Nc3 Nc6 5. e4 a6 6. Nge2 b5 7. d3 Rb8 8. O-O e6
9. f4 d6 10. e5 Nge7 11. exd6 Qxd6 12. cxb5 Nd4 13. Ne4 Qb6 14. Be3 Nef5 15. Bf2
O-O 16. Rc1 Nxe2+ 17. Qxe2 Nd4 18. Qd2 Qxb5 19. b3 Qb4 20. Rfe1 Qxd2 21. Nxd2
Rb5 22. Nc4 Rd8 23. Ne5 Bb7 24. Bxd4 Rxd4 25. Bxb7 Rxb7 26. Rxc5 Bxe5 27. Rexe5
Rxd3 28. Kf2 Rb6 29. Re3 Rd1 30. Re1 Rd7 31. Re2 Kg7 32. Rec2 Rd1 33. Ra5 h5 34.
h4 Rbd6 35. Re2 Rh1 36. Kg2 Rc1 37. Kf2 Kf6 38. Kf3 Ke7 39. Ra4 Kd7 40. Ree4
Rc3+ 41. Re3 Rc1 42. Ree4 Rcd1 1/2-1/2

[Event "13th EICC"]
[Site "Plovdiv BUL"]
[Date "2012.03.24"]
[Round "5.91"]
[White "Baltag, Iulian"]
[Black "Lintchevski, Daniil"]
[Result "1/2-1/2"]
[WhiteTitle "IM"]
[BlackTitle "GM"]
[WhiteElo "2420"]
[BlackElo "2564"]
[WhiteFideId "13901419"]
[BlackFideId "4171055"]
[EventDate "2012.03.20"]
[EventType "swiss"]

1. d4 d5 2. Nf3 Nf6 3. c4 dxc4 4. e3 e6 5. Bxc4 a6 6. Bb3 c5 7. O-O Be7 8. Nc3
O-O 9. e4 Nc6 10. e5 Nd7 11. d5 Ncxe5 12. Re1 c4 13. Bc2 Nxf3+ 14. Qxf3 Nf6 15.
Rd1 Qb6 16. Qe2 Rd8 17. Bg5 Qc7 18. Rd4 exd5 19. Bxf6 Bxf6 20. Nxd5 Qd6 21.
Nxf6+ Qxf6 22. Rxd8+ Qxd8 23. Rd1 Qf8 24. Qxc4 Be6 25. Qe4 g6 26. h3 Bf5 27. Qe2
Re8 28. Qd2 Bxc2 29. Qxc2 Qb4 30. Qd2 Qb6 31. b3 Qf6 32. Qd3 Kg7 33. g3 Re5 34.
Kg2 b5 35. Rd2 b4 36. Qf3 Rf5 37. Qe4 a5 38. Qd4 Qxd4 39. Rxd4 Rc5 40. a3 bxa3
41. Ra4 Kf6 42. Rxa3 Ke5 43. Ra4 Rb5 44. Kf1 Kd5 45. Ke2 Kc5 46. Rc4+ Kb6 47.
Rc8 Ka6 48. Rc3 Kb6 1/2-1/2

[Event "13th EICC"]
[Site "Plovdiv BUL"]
[Date "2012.03.24"]
[Round "5.94"]
[White "Kreisl, Robert"]
[Black "Ipatov, Alexander"]
[Result "0-1"]
[WhiteTitle "IM"]
[BlackTitle "GM"]
[WhiteElo "2400"]
[BlackElo "2561"]
[WhiteFideId "1613880"]
[BlackFideId "14116731"]
[EventDate "2012.03.20"]
[EventType "swiss"]

1. Nf3 Nf6 2. c4 e6 3. Nc3 b6 4. g3 Bb7 5. Bg2 Be7 6. O-O O-O 7. d4 Na6 8. Re1
Ne4 9. Nxe4 Bxe4 10. Ne5 Bxg2 11. Kxg2 Qc8 12. Qb3 Qb7+ 13. Qf3 Qxf3+ 14. Nxf3
Rab8 15. b3 f6 16. Bd2 Kf7 17. Red1 Ba3 18. Bc1 Bxc1 19. Raxc1 Ke7 20. Ne1 c5
21. Rc2 Rfc8 22. Rcd2 cxd4 23. Rxd4 Rc7 24. Rg4 g5 25. h4 h5 26. Rgd4 b5 27.
hxg5 fxg5 28. Nf3 bxc4 29. bxc4 Rg8 30. Rh1 g4 31. Ne5 Rg5 32. Nd3 Rc8 33. Rb1
Ra5 34. Rb5 Rxb5 35. cxb5 Nc5 36. Rc4 d6 37. Nxc5 dxc5 38. Kf1 Kd6 39. Ra4 c4
40. Ke1 Kc5 41. Rxa7 Kxb5 42. Kd2 Rf8 43. Rh7 Kb4 44. Rxh5 Ra8 45. Re5 Rxa2+ 46.
Ke3 Ra6 47. Kd2 Ra2+ 48. Ke3 Ra3+ 49. Kd2 Ra6 50. Kc2 Ra2+ 51. Kb1 Ra6 52. Kc2
Ra2+ 53. Kb1 Ra8 54. Kc2 Rf8 55. Rxe6 Rxf2 56. Re4 Rg2 57. Rxg4 Rxe2+ 58. Kd1
Rg2 59. Rg8 Kb3 60. Rb8+ Kc3 61. Rg8 Rg1+ 62. Ke2 Kb2 63. Kf2 Rd1 64. Rb8+ Kc2
65. Ke3 c3 66. g4 Rb1 67. Rc8 Rb4 68. Kf3 Kb2 69. Kg3 c2 70. Kh4 Kb3 71. Rxc2
Kxc2 72. Kg5 Kd3 73. Kf5 Rb5+ 74. Kf6 Ke4 75. g5 Rb6+ 0-1

[Event "13th EICC"]
[Site "Plovdiv BUL"]
[Date "2012.03.24"]
[Round "5.98"]
[White "Abdulov, Orkhan"]
[Black "Rapport, Richard"]
[Result "1/2-1/2"]
[WhiteTitle "IM"]
[BlackTitle "GM"]
[WhiteElo "2387"]
[BlackElo "2559"]
[WhiteFideId "13402714"]
[BlackFideId "738590"]
[EventDate "2012.03.20"]
[EventType "swiss"]

1. e4 e5 2. Nf3 Nc6 3. Nc3 Nf6 4. d4 exd4 5. Nxd4 Bb4 6. Nxc6 bxc6 7. Bd3 d6 8.
O-O Ng4 9. h3 Ne5 10. Be2 Qh4 11. Qd2 Be6 12. Qe3 Bc5 13. Qf4 Qxf4 14. Bxf4 f6
15. Na4 Bb6 16. b3 Ke7 17. Rfd1 h5 18. Nxb6 axb6 19. a4 c5 20. Bxe5 dxe5 21. Rd2
g6 22. Rad1 f5 23. Bb5 f4 24. Bc6 Rab8 25. h4 g5 26. hxg5 Rhg8 27. Bd5 Rxg5 28.
Bxe6 Kxe6 29. Rd8 Rxd8 30. Rxd8 f3 31. g3 Rg4 32. Rf8 Rxe4 33. Rxf3 Re1+ 34. Kg2
Rc1 35. Rc3 e4 36. f3 Kf5 37. Kf2 exf3 38. Kxf3 Rf1+ 39. Kg2 Rd1 40. Kf3 Rd4 41.
a5 Rd1 42. Rc4 Ra1 43. axb6 cxb6 44. b4 Ra3+ 45. Kg2 1/2-1/2

[Event "13th EICC"]
[Site "Plovdiv BUL"]
[Date "2012.03.24"]
[Round "5.100"]
[White "Novkovic, Milan"]
[Black "Fedoseev, Vladimir3"]
[Result "0-1"]
[WhiteTitle "IM"]
[BlackTitle "GM"]
[WhiteElo "2381"]
[BlackElo "2548"]
[WhiteFideId "1613103"]
[BlackFideId "24130737"]
[EventDate "2012.03.20"]
[EventType "swiss"]

1. d4 Nf6 2. Nf3 g6 3. Nbd2 d5 4. b4 Bg7 5. e3 O-O 6. Bb2 b6 7. c4 dxc4 8. Bxc4
Bb7 9. O-O Ne8 10. Qc2 Nd7 11. b5 Rc8 12. Rfc1 Nd6 13. Bd3 c6 14. bxc6 Rxc6 15.
Qb3 Qa8 16. Rxc6 Bxc6 17. a4 Rb8 18. Ba3 b5 19. axb5 Nxb5 20. Qa2 Bd5 21. Bc4
Bxc4 22. Nxc4 Nxa3 23. Qxa3 e5 24. h3 Rb7 25. Qa6 Rc7 26. Qd6 Qc8 27. Ncxe5 Nb6
28. Qa3 Bf8 29. Qa6 Rc1+ 30. Kh2 Rxa1 31. Qxa1 Qc7 32. Kg1 Nd5 33. Qa4 a5 34.
Ng5 Nc3 35. Qe8 Qe7 36. Qc8 Qxg5 37. Qxc3 a4 38. Nd7 Qb5 39. Qc8 Qb4 40. Qa8 a3
41. h4 Kg7 42. Nxf8 Qxf8 43. Qa5 Qd6 44. g3 f6 45. e4 Kh6 46. e5 fxe5 47. dxe5
Qd1+ 48. Kh2 Qf3 49. Qd2+ Kg7 50. Qd4 Qb7 51. Qd8 Qf7 52. f4 h6 53. Qa5 Qe7 54.
Kh3 g5 55. hxg5 hxg5 56. Kg4 gxf4 57. gxf4 Kh6 58. Kf3 Qb7+ 59. Kg3 Qb3+ 60. Kh4
Qe3 61. Qb4 Qf2+ 62. Kh3 Qf1+ 63. Kh2 Qe2+ 64. Kg3 Qd3+ 65. Kh4 Qd8+ 66. Kh3 Qa8
67. Qe7 Qf3+ 68. Kh4 Qxf4+ 69. Kh3 Qe3+ 0-1

[Event "13th EICC"]
[Site "Plovdiv BUL"]
[Date "2012.03.24"]
[Round "5.102"]
[White "Grandelius, Nils"]
[Black "Kanmazalp, Ogulcan"]
[Result "1-0"]
[WhiteTitle "GM"]
[BlackTitle "IM"]
[WhiteElo "2545"]
[BlackElo "2389"]
[WhiteFideId "1710400"]
[BlackFideId "6304990"]
[EventDate "2012.03.20"]
[EventType "swiss"]

1. Nf3 Nf6 2. c4 e6 3. g3 d5 4. Bg2 dxc4 5. Qa4+ c6 6. Qxc4 b5 7. Qb3 Bb7 8. O-O
Nbd7 9. d4 Be7 10. Ne5 Nxe5 11. dxe5 Nd5 12. Nc3 b4 13. Ne4 O-O 14. Rd1 Ba6 15.
Bf3 Qc7 16. Bf4 Nxf4 17. gxf4 Rad8 18. Rdc1 c5 19. a3 c4 20. axb4 Bb5 21. Qe3 a6
22. b3 Bxb4 23. bxc4 Bc6 24. Rxa6 Bxe4 25. Qxe4 Bd2 26. Rd1 Bb4 27. Rb1 Rb8 28.
Ra2 Bc5 29. Rab2 Rxb2 30. Rxb2 g6 31. e3 Rb8 32. Qc6 Bb6 33. Qxc7 Bxc7 34. Rc2
Kg7 35. c5 g5 36. fxg5 Bxe5 37. c6 Bc7 38. Rd2 Rd8 39. Ra2 Re8 40. Ra7 Re7 41.
Kg2 f6 42. Bg4 f5 43. Be2 h6 44. gxh6+ Kxh6 45. Bc4 Rg7+ 46. Kf1 f4 47. h3 fxe3
48. fxe3 Re7 49. Ke2 e5 50. Ba6 1-0

[Event "13th EICC"]
[Site "Plovdiv BUL"]
[Date "2012.03.24"]
[Round "5.104"]
[White "Marin, Mihail"]
[Black "Schroll, Gerhard"]
[Result "1-0"]
[WhiteTitle "GM"]
[BlackTitle "IM"]
[WhiteElo "2539"]
[BlackElo "2388"]
[WhiteFideId "1200020"]
[BlackFideId "1600907"]
[EventDate "2012.03.20"]
[EventType "swiss"]

1. d4 d5 2. Nf3 Nf6 3. g3 e6 4. Bg2 c5 5. O-O Nc6 6. c4 Be7 7. dxc5 Bxc5 8. a3
Bb6 9. b4 dxc4 10. Nbd2 c3 11. Nc4 Qxd1 12. Rxd1 Bc7 13. Bf4 Bxf4 14. gxf4 Nd5
15. b5 Nb8 16. Nfe5 f6 17. Nd3 Bd7 18. Nb4 a5 19. Nxd5 exd5 20. Nb6 Ra7 21. Rxd5
Ke7 22. Rc5 a4 23. Rd1 Ra5 24. Nd5+ Kd8 25. Nxc3 b6 26. Rc6 1-0

[Event "13th EICC"]
[Site "Plovdiv BUL"]
[Date "2012.03.24"]
[Round "5.105"]
[White "Rogozenco, Dorian"]
[Black "Petrisor, Adrian-Marian"]
[Result "1-0"]
[WhiteTitle "GM"]
[BlackTitle "FM"]
[WhiteElo "2536"]
[BlackElo "2383"]
[WhiteFideId "1210319"]
[BlackFideId "1213741"]
[EventDate "2012.03.20"]
[EventType "swiss"]

1. d4 Nf6 2. c4 c5 3. d5 e6 4. Nc3 exd5 5. cxd5 d6 6. e4 g6 7. Nge2 Bg7 8. Ng3
O-O 9. Be2 a6 10. a4 h5 11. Bg5 Qb6 12. Qc1 Nh7 13. a5 Qc7 14. Bh6 h4 15. Bxg7
Kxg7 16. Nf1 Qe7 17. Nd2 f5 18. O-O Nd7 19. exf5 gxf5 20. Re1 Qf6 21. Nc4 Kh8
22. f4 Rb8 23. Na4 Qd4+ 24. Qe3 Qxe3+ 25. Nxe3 b5 26. axb6 Nxb6 27. Nxb6 Rxb6
28. Nc4 Rb4 29. Nxd6 Rxf4 30. Rac1 Ng5 31. Rxc5 Rg8 32. Rc3 Bd7 33. Rf1 Rd4 34.
Nxf5 Rd2 35. Re3 Rxb2 36. Nxh4 a5 37. Nf5 a4 38. h4 Nf7 39. Nd4 Nd6 40. Rf6 Ne8
41. Rh6+ Kg7 42. Ra6 Rb4 43. Re7+ Kf8 44. Rxd7 Rxd4 45. Bh5 Rh8 46. Bxe8 Kxe8
47. Rb7 Rd1+ 48. Kh2 1-0

[Event "13th EICC"]
[Site "Plovdiv BUL"]
[Date "2012.03.24"]
[Round "5.106"]
[White "Filev, Georgi"]
[Black "Yilmaz, Mustafa"]
[Result "0-1"]
[WhiteTitle "FM"]
[BlackTitle "IM"]
[WhiteElo "2372"]
[BlackElo "2530"]
[WhiteFideId "2907500"]
[BlackFideId "6302718"]
[EventDate "2012.03.20"]
[EventType "swiss"]

1. e4 c5 2. Nf3 Nc6 3. d4 cxd4 4. Nxd4 Qb6 5. Nb3 Nf6 6. Nc3 e6 7. Bd3 d6 8. O-O
a6 9. Kh1 Be7 10. f4 Qc7 11. Bd2 O-O 12. Qe2 b5 13. a3 Bb7 14. Rae1 Nd7 15. Rf3
g6 16. Rh3 Bf6 17. Nd1 Bg7 18. Bc3 e5 19. f5 Nd4 20. Qf2 Nxb3 21. cxb3 Nf6 22.
Qh4 Qd8 23. g4 g5 24. Qg3 Bc6 25. Nf2 h6 26. Kg1 Re8 27. Qf3 Ra7 28. Rg3 Rd7 29.
h3 Qb6 30. Qe3 Qb7 31. Qe2 d5 32. Kh2 Qa8 33. b4 dxe4 34. Bxe4 Nxe4 35. Nxe4 Bd5
36. Nc5 Rd6 37. Qe3 Qc6 38. Ne4 Rdd8 39. Rg2 Bc4 40. Rd2 Rxd2+ 41. Qxd2 Bd5 42.
Ng3 Bf3 43. Qe3 e4 44. Bxg7 Qc2+ 45. Ne2 Kxg7 46. Qc3+ Qxc3 47. Nxc3 Kf6 48. Kg3
Ke5 49. a4 Rd8 50. axb5 axb5 51. Nxb5 Rd2 52. Rg1 Rxb2 53. Na7 h5 54. gxh5 Bxh5
55. Nc6+ Kxf5 56. Rf1+ Ke6 57. h4 gxh4+ 58. Kxh4 Bg6 59. Kg5 Kd5 60. Rc1 e3 61.
Kf4 e2 62. Ne7+ Kd4 63. Nxg6 fxg6 64. Kf3 Kd3 65. Re1 g5 66. b5 g4+ 67. Kf2 Rxb5
68. Rxe2 g3+ 69. Kf1 Rb1+ 70. Re1 g2+ 0-1

[Event "13th EICC"]
[Site "Plovdiv BUL"]
[Date "2012.03.24"]
[Round "5.107"]
[White "Michalik, Peter"]
[Black "Erturan, Yakup"]
[Result "1-0"]
[WhiteTitle "GM"]
[BlackTitle "IM"]
[WhiteElo "2529"]
[BlackElo "2370"]
[WhiteFideId "14907526"]
[BlackFideId "6301410"]
[EventDate "2012.03.20"]
[EventType "swiss"]

1. d4 d5 2. c4 c6 3. Nf3 Nf6 4. Nc3 dxc4 5. a4 Bf5 6. Nh4 Bg4 7. h3 Bh5 8. g4
Bg6 9. Nxg6 hxg6 10. e4 e5 11. Bxc4 exd4 12. e5 Bb4 13. exf6 gxf6 14. O-O dxc3
15. Re1+ Be7 16. Qb3 O-O 17. Bh6 Nd7 18. Rad1 1-0

[Event "13th EICC"]
[Site "Plovdiv BUL"]
[Date "2012.03.24"]
[Round "5.108"]
[White "Rasulov, Vugar"]
[Black "Nakar, Eylon"]
[Result "1/2-1/2"]
[WhiteTitle "GM"]
[BlackTitle "FM"]
[WhiteElo "2526"]
[BlackElo "2344"]
[WhiteFideId "13402390"]
[BlackFideId "2811111"]
[EventDate "2012.03.20"]
[EventType "swiss"]

1. e4 e6 2. d4 d5 3. Nd2 c5 4. Ngf3 Nf6 5. exd5 exd5 6. Bb5+ Bd7 7. Qe2+ Be7 8.
dxc5 O-O 9. Nb3 Re8 10. Be3 a6 11. Bd3 Ba4 12. Nfd4 Nbd7 13. O-O-O Nxc5 14. Kb1
Nxd3 15. Qxd3 Ng4 16. Nf5 Bf6 17. Bd4 Re4 18. h3 Rxd4 19. Nbxd4 Nxf2 20. Nh6+
Kf8 21. Qxh7 gxh6 22. Rhf1 Ne4 23. Qxh6+ Kg8 24. Rd3 Bg7 25. Qh5 Qc7 26. Ka1 Ng3
27. Rxg3 Qxg3 28. Qxf7+ Kh7 29. Qh5+ Kg8 30. Nf5 Qe5 31. Nxg7 Qxg7 32. Qxd5+ Kh8
33. Rf4 Bxc2 34. Rf7 Rf8 35. Rxf8+ Qxf8 36. Qe5+ Qg7 37. Qh5+ Qh7 38. Qe5+ Qg7
39. Qh5+ Kg8 40. Qd5+ Kh8 41. Qh5+ Kg8 42. Qd5+ Qf7 43. Qd8+ Kg7 44. Qd4+ Qf6
45. Qd7+ Kg6 46. Qe8+ Qf7 47. Qe2 Bf5 48. g4 Be6 49. h4 Bc4 50. Qe4+ Kg7 51.
Qd4+ Kg8 52. b3 Bd5 53. Kb2 Qe6 54. g5 Qf5 55. Ka3 Kh7 56. Qb6 Qf8+ 57. Qb4 Qd8
58. Qg4 Qa5+ 59. Qa4 Qc5+ 60. Kb2 Qf2+ 61. Ka3 Qc5+ 62. Kb2 Qf2+ 63. Ka3 Bc6 64.
Qg4 Qc5+ 65. Kb2 Qe5+ 66. Ka3 Qd6+ 67. Qb4 Qe5 68. Qg4 Kg7 69. h5 a5 70. h6+ Kg6
71. Qd1 b5 72. Qc2+ Be4 73. Qc8 Qd6+ 74. Kb2 Qd2+ 75. Ka3 Qb4+ 76. Kb2 Qd4+ 77.
Ka3 Kxg5 78. Qf8 Kg6 79. Qe8+ Kxh6 80. Qxb5 Qd6+ 81. b4 Bc6 82. Qc5 Qd3+ 83. Kb2
Qd2+ 84. Ka3 Qd3+ 85. Kb2 Qd2+ 86. Ka3 Bd5 87. Ka4 Qxa2+ 88. Kb5 a4 89. Qd6+ Kg5
90. Qg3+ Kf5 91. Qh3+ Ke5 92. Qg3+ Ke6 93. Qg6+ Kd7 94. Qg7+ Bf7 95. Qd4+ Ke7
96. Qe5+ Be6 97. Qg7+ Kd6 98. Qd4+ Kc7 99. Qc5+ Kd7 100. Qd4+ Ke7 101. Qg7+ Ke8
102. Qh8+ Kf7 103. Qh7+ Kf6 104. Qh6+ Ke5 105. Qe3+ Kf5 106. Qf3+ Kg5 107. Qe3+
Kh4 108. Qe1+ Kh5 109. Qe5+ Kg4 110. Qe4+ Kg3 111. Qe3+ Kg2 112. Qe4+ Kg1 113.
Qe3+ Kh2 114. Qf4+ Kh3 115. Qe3+ 1/2-1/2

[Event "13th EICC"]
[Site "Plovdiv BUL"]
[Date "2012.03.24"]
[Round "5.109"]
[White "Pridorozhni, Aleksei"]
[Black "Izzat, Kanan"]
[Result "1-0"]
[WhiteTitle "GM"]
[BlackTitle "FM"]
[WhiteElo "2524"]
[BlackElo "2319"]
[WhiteFideId "4127870"]
[BlackFideId "13405209"]
[EventDate "2012.03.20"]
[EventType "swiss"]

1. e4 c6 2. d4 d5 3. exd5 cxd5 4. Bd3 Nc6 5. c3 Nf6 6. Bf4 Bg4 7. Qb3 Qd7 8. Nd2
e6 9. Ngf3 Bd6 10. Bxd6 Qxd6 11. O-O O-O 12. Rfe1 Bh5 13. Ne5 Nd7 14. f4 f6 15.
Nxd7 Qxd7 16. Qc2 Rac8 17. Nb3 Qd6 18. Bxh7+ Kh8 19. Bg6 Bxg6 20. Qxg6 Rce8 21.
Nc5 b6 22. Nd3 Kg8 23. Qg4 Rf7 24. Re3 a5 25. Rae1 Rfe7 26. Qg6 Qc7 27. Rh3 b5
28. Qh7+ Kf8 29. Rg3 Rf7 30. Qh8+ 1-0

[Event "13th EICC"]
[Site "Plovdiv BUL"]
[Date "2012.03.24"]
[Round "5.110"]
[White "Huschenbeth, Niclas"]
[Black "Xylogiannopoulos, Antonios"]
[Result "1-0"]
[WhiteTitle "GM"]
[WhiteElo "2509"]
[BlackElo "2104"]
[WhiteFideId "24604747"]
[BlackFideId "4215133"]
[EventDate "2012.03.20"]
[EventType "swiss"]

1. e4 e5 2. Nf3 Nc6 3. Bb5 Nd4 4. Nxd4 exd4 5. O-O Bc5 6. Qg4 Nf6 7. Qg5 Qe7 8.
e5 Nd5 9. Qxg7 Qf8 10. Qxf8+ Kxf8 11. d3 c6 12. Bc4 Rg8 13. Bxd5 cxd5 14. Bf4 a5
15. Nd2 Ra6 16. Nb3 Ba7 17. a4 Rag6 18. g3 Bb6 19. Rfe1 h5 20. h4 Bd8 21. Kf1
Rg4 22. Nxd4 Bxh4 23. Nf5 Bg5 24. Ne3 Bxf4 25. Nxg4 Rxg4 26. gxf4 Rxf4 27. Ke2
d6 28. exd6 Be6 29. Ke3 Rb4 30. b3 Ke8 31. f4 h4 32. Kf3 Kd7 33. Re5 Kxd6 34.
Rae1 Kc5 35. Rh5 Bd7 36. Rxh4 Kd4 37. Re7 Bc6 38. f5+ Kc3 39. Rxb4 axb4 40. Rxf7
Kxc2 41. f6 Kxd3 42. Rc7 Be8 43. f7 Bxf7 44. Rxf7 Kc3 45. Rxb7 Kxb3 46. a5 1-0

[Event "13th EICC"]
[Site "Plovdiv BUL"]
[Date "2012.03.24"]
[Round "5.114"]
[White "Janev, Tihomir"]
[Black "Mastrovasilis, Dimitrios"]
[Result "0-1"]
[WhiteTitle "FM"]
[BlackTitle "GM"]
[WhiteElo "2382"]
[BlackElo "2631"]
[WhiteFideId "2910110"]
[BlackFideId "4202694"]
[EventDate "2012.03.20"]
[EventType "swiss"]

1. e4 c5 2. Nf3 e6 3. b3 d6 4. Bb5+ Nd7 5. O-O Nf6 6. Re1 Be7 7. c3 a6 8. Bf1
O-O 9. d4 b5 10. e5 Nd5 11. c4 bxc4 12. bxc4 N5b6 13. Bf4 d5 14. Nbd2 Bb7 15.
Bg3 cxd4 16. cxd5 Nxd5 17. Nxd4 Bb4 18. N4b3 a5 19. a4 Qg5 20. Ne4 Qh6 21. Re2
Rfd8 22. Qc1 Qg6 23. Nd6 Ba6 24. Rea2 Bc3 25. Bxa6 Rxa6 26. Rb1 Bxe5 27. Nb7 Rf8
28. Rc2 Bc3 29. Nd6 h5 30. Nb5 Bb4 31. Qd1 N7b6 32. Ra1 Raa8 33. N3d4 Rad8 34.
Rc6 Nc8 35. Qf3 Nce7 36. Rcc1 Rd7 37. h3 Rfd8 38. Kh2 Nf6 39. Rc4 Ne4 40. Bf4 e5
41. Nb3 Nd6 42. Nxd6 Rxd6 43. Rxb4 axb4 44. Be3 Nf5 45. Nc5 Nd4 46. Bxd4 Rxd4
47. a5 e4 48. Qg3 Qxg3+ 49. Kxg3 Rc4 50. Nb7 Rd3+ 51. Kh2 Ra3 0-1

[Event "13th EICC"]
[Site "Plovdiv BUL"]
[Date "2012.03.24"]
[Round "5.116"]
[White "Onischuk, Vladimir"]
[Black "Firat, Burak"]
[Result "1/2-1/2"]
[WhiteTitle "GM"]
[BlackTitle "IM"]
[WhiteElo "2516"]
[BlackElo "2405"]
[WhiteFideId "14114038"]
[BlackFideId "6305881"]
[EventDate "2012.03.20"]
[EventType "swiss"]

1. Nf3 Nf6 2. g3 d5 3. Bg2 c6 4. O-O Bf5 5. b3 e6 6. Bb2 h6 7. d3 Be7 8. Nbd2
O-O 9. Re1 Bh7 10. e4 a5 11. a3 Na6 12. Qe2 Re8 13. h3 c5 14. c4 a4 15. e5 Nd7
16. cxd5 exd5 17. e6 Bf6 18. exf7+ Kxf7 19. Ng5+ Bxg5 20. Bxd5+ Kf8 21. Qf3+ Bf6
22. Bxb7 Ra7 23. Nc4 Bg6 24. Be4 Bf7 25. Nd6 Ne5 26. Bxe5 Rxe5 27. Nxf7 Rxf7 28.
Bg6 Rfe7 29. Rxe5 Rxe5 30. Rb1 Qb8 31. d4 cxd4 32. bxa4 Qc8 33. Qb3 Re7 34. Qd5
Rd7 35. Qb5 Rd6 36. Re1 Be7 37. Bd3 Nc5 38. Rc1 Rc6 39. a5 Rc7 40. Qb6 Qb7 41.
a4 Rd7 42. Bb5 Rd8 43. Bc6 Qxb6 44. axb6 d3 45. Rd1 Bf6 46. b7 Be5 47. Kf1 Bc7
48. Rb1 Ke7 49. a5 Kd6 50. Bf3 Rf8 51. Bg4 Rb8 52. Bc8 Bxa5 53. f4 Ne4 54. Ra1
Bc3 55. Rd1 d2 56. Ke2 Bb2 57. Kf3 Kd5 58. Bf5 Nd6 59. Rxd2+ Kc6 60. Rxb2 Nxf5
61. Kg4 Ne7 62. f5 Kd6 63. Rb6+ Nc6 64. Kh5 Kc7 65. Rb5 Nd4 66. Rd5 Ne2 67. Re5
Nxg3+ 68. Kg4 Nf1 69. Re7+ Kc6 70. Rxg7 Ne3+ 71. Kf4 Nd5+ 72. Ke5 Re8+ 73. Kd4
Ne3 74. b8=Q Rxb8 75. Kxe3 Rb3+ 76. Ke4 Rxh3 77. f6 Kd6 78. Kf5 h5 79. Rg8 Rf3+
80. Kg6 Rg3+ 81. Kh7 Rf3 82. Kg7 Ke6 83. Re8+ Kf5 84. f7 Kg4 85. Re4+ Kg3 86.
Re3 Rxe3 87. f8=Q h4 88. Qd6+ Kg2 89. Qd2+ Kf3 90. Kf6 h3 91. Kf5 Re8 92. Qh2
Rf8+ 93. Ke5 Re8+ 94. Kf6 Rh8 95. Kg7 Rh4 96. Kf6 Rh8 97. Ke5 Re8+ 98. Kd4 Rh8
99. Kc3 Kg4 100. Kd3 Rd8+ 101. Ke3 Re8+ 102. Kf2 Rf8+ 103. Kg1 Rg8 104. Kh1 Rg5
105. Qe2+ Kg3 106. Qe3+ Kh4 107. Qf4+ Rg4 108. Qf6+ Kg3 109. Kg1 Rf4 110. Qe5
Kg4 111. Qe2+ Rf3 112. Kh2 Kf4 113. Qe6 Re3 114. Qd5 Rf3 115. Qd4+ Kf5 116. Qd7+
Kf4 117. Qd6+ Ke4 118. Qb4+ Ke5 119. Qg4 Re3 120. Kg1 Kd5 121. Kf2 Ra3 122. Qg8+
Kd4 123. Qd8+ Kc4 124. Qc7+ Kb4 125. Qd6+ Ka4 126. Qd4+ Kb5 127. Qd5+ Kb4 128.
Ke2 h2 129. Kd2 Ra2+ 130. Kd3 Rf2 131. Qc4+ Ka5 132. Qc1 Kb4 133. Ke3 Rc2 134.
Qb1+ Ka5 135. Kd4 Ka6 136. Kd3 Rf2 137. Ke3 Rc2 138. Qf1+ Ka5 139. Kd4 Rf2 140.
Qh3 Rc2 141. Qh8 Kb6 142. Qh6+ Ka5 143. Kd3 Rf2 144. Kc3 Rf3+ 145. Kc4 Rf4+ 146.
Kc5 Rf5+ 147. Kd4 Rf2 148. Qh7 Rc2 149. Qb7 Rb2 150. Qd5+ Kb6 151. Kc3 Rf2 152.
Qd4+ Ka6 153. Qe4 Kb5 154. Qb1+ Ka6 155. Kd4 Rd2+ 156. Kc5 Rc2+ 157. Kd6 Ka5
158. Qxc2 h1=Q 159. Qc5+ Ka4 160. Qc6+ Qxc6+ 161. Kxc6 1/2-1/2

[Event "13th EICC"]
[Site "Plovdiv BUL"]
[Date "2012.03.24"]
[Round "5.119"]
[White "Fodor, Tamas Jr."]
[Black "Manea, Alexandru"]
[Result "1/2-1/2"]
[WhiteTitle "FM"]
[BlackTitle "IM"]
[WhiteElo "2482"]
[BlackElo "2381"]
[WhiteFideId "723762"]
[BlackFideId "1207660"]
[EventDate "2012.03.20"]
[EventType "swiss"]

1. d4 d5 2. c4 c6 3. Nc3 Nf6 4. e3 a6 5. Nf3 b5 6. b3 Bg4 7. Be2 e6 8. O-O Bd6
9. Bb2 O-O 10. h3 Bxf3 11. Bxf3 Nbd7 12. e4 b4 13. e5 bxc3 14. Bxc3 Bb8 15. exf6
Qxf6 16. Re1 Ra7 17. Rc1 Bd6 18. Qd3 Rb8 19. g3 a5 20. Bg4 Bb4 21. Red1 g6 22.
Bb2 Bf8 23. cxd5 cxd5 24. Rc6 a4 25. Rd2 axb3 26. axb3 Rab7 27. Bd1 Qd8 28. Re2
Rb6 29. Rc1 Nf6 30. h4 Ne4 31. Kg2 Bd6 32. Bc2 Ra8 33. h5 Ra2 34. Rb1 Ba3 35.
Bxa3 Rxa3 36. Qf3 Qg5 37. hxg6 hxg6 38. Bxe4 dxe4 39. Rxe4 Qd5 40. Re3 Ra2 41.
Rd1 Qxf3+ 42. Kxf3 Rb2 43. Rdd3 Kg7 44. Rc3 Rb5 45. g4 Rb7 46. Kg3 Rd7 47. Red3
Rb7 48. Kf3 Rb5 49. Ke3 Rb7 50. f3 Rb5 51. Ke4 Kf6 52. f4 Kg7 53. g5 Kf8 54. Rh3
Kg7 55. Rhd3 Kf8 56. Rh3 1/2-1/2

[Event "13th EICC"]
[Site "Plovdiv BUL"]
[Date "2012.03.24"]
[Round "5.120"]
[White "Agaragimov, Djakhangir"]
[Black "Perunovic, Miodrag"]
[Result "0-1"]
[WhiteTitle "FM"]
[BlackTitle "IM"]
[WhiteElo "2342"]
[BlackElo "2481"]
[WhiteFideId "13401718"]
[BlackFideId "919993"]
[EventDate "2012.03.20"]
[EventType "swiss"]

1. d4 Nf6 2. c4 e6 3. g3 c5 4. d5 exd5 5. cxd5 b5 6. Bg2 d6 7. a4 b4 8. Nd2 g6
9. e4 Nbd7 10. f4 Bg7 11. Nc4 Nb6 12. Nxd6+ Qxd6 13. e5 Qd8 14. exf6 Bxf6 15. a5
Nd7 16. Qe2+ Kf8 17. Nf3 Kg7 18. O-O Re8 19. Qc4 Bb7 20. Ng5 Bd4+ 21. Kh1 Qf6
22. a6 Nb6 23. Qb3 c4 24. Qxb4 Bxd5 25. Bxd5 Nxd5 26. Qxc4 Nb6 27. Qb5 Rac8 28.
Nf3 Re4 29. f5 Rc2 30. Qd3 Qc6 31. fxg6 hxg6 32. Rb1 Bf6 33. Be3 Rb4 34. Kg1 Nd7
35. Rf2 Rbc4 36. Rbf1 Nc5 37. Qxc2 Rxc2 38. Rxc2 Qe4 39. Re2 Qc4 40. Rg2 Nxa6
41. Bxa7 Nb4 42. Ne1 Qc7 43. Be3 Nd5 44. Bf4 Qc4 45. Rc2 Qe4 46. h3 Nxf4 47.
gxf4 Bh4 48. f5 Bxe1 49. Rg2 Qe3+ 50. Kh2 Ba5 0-1

[Event "13th EICC"]
[Site "Plovdiv BUL"]
[Date "2012.03.24"]
[Round "5.121"]
[White "Can, Emre"]
[Black "Pantev, Veselin"]
[Result "1-0"]
[WhiteTitle "GM"]
[BlackTitle "FM"]
[WhiteElo "2476"]
[BlackElo "2379"]
[WhiteFideId "6302181"]
[BlackFideId "2901390"]
[EventDate "2012.03.20"]
[EventType "swiss"]

1. d4 Nf6 2. c4 e6 3. Nf3 Bb4+ 4. Nbd2 b6 5. g3 Bb7 6. Bg2 O-O 7. O-O c5 8. dxc5
Bxc5 9. a3 Be7 10. b4 d6 11. Bb2 Qc7 12. Re1 Nbd7 13. e4 Rac8 14. Rc1 Qb8 15.
Nd4 Ne5 16. Qe2 Nc6 17. Nc2 Qa8 18. f4 Rfe8 19. Nb3 h6 20. Rcd1 Rcd8 21. Rd2 Qc8
22. Rc1 Qc7 23. Ne3 Nb8 24. Nd1 Nbd7 25. Nf2 Qb8 26. Nd4 Bf8 27. Rcd1 a6 28. Bf3
Qc7 29. e5 dxe5 30. fxe5 Nh7 31. Bxb7 Qxb7 32. Qf3 Qc7 33. Qc6 Rc8 34. Qxc7 Rxc7
35. Nb3 Nb8 36. Rd8 Rc8 37. Rxe8 Rxe8 38. Ne4 Be7 39. Bd4 Nd7 40. c5 bxc5 41.
bxc5 Nb8 42. Nd6 Rd8 43. Na5 Ng5 44. Kg2 f6 45. c6 Bxd6 46. Bb6 1-0